Modelovanie pohybu objektov v rovine = Modelling movements objects in the plain : Diplomová práca /

Guardado en:
Detalles Bibliográficos
Autor principal: Baláž, Ladislav (Autor)
Otros Autores: Šperka, Martin, 1945- (Orientador)
Formato: Manuscrito Libro
Publicado: Bratislava : STU v Bratislave FEI, 1997
Materias:
Etiquetas: Agregar Etiqueta
Sin Etiquetas, Sea el primero en etiquetar este registro!

MARC

LEADER 00000ntm a22000003a 4500
001 stu9985
005 20160719164949.1
008 970707s1997----------------------------d
040 |a STU  |b slo 
041 0
100 1 |a Baláž, Ladislav  |4 aut 
245 1 |a Modelovanie pohybu objektov v rovine = Modelling movements objects in the plain :  |b Diplomová práca /  |c [aut.] Baláž,Ladislav; Škol. řperka,Martin 
260 |a Bratislava :  |b STU v Bratislave FEI,  |c 1997 
300 |a 43 s :  |b príl +  |c disketa 
650 7 |a informatika  |2 stusub 
700 1 |a Šperka, Martin,  |d 1945-  |4 ths  |u E220  |U FEI Fakulta elektrotechniky a informatiky  |T FEI Katedra informatiky a výpočtovej techniky  |X 1924  |U E220  |Y 69  |7 1924 
996 |b EDIPL-5303  |c I*DIPL-5303  |l II680  |s A  |a 24  |w stu9985_0001